00641cam a22002058a 450000500170000000800410001701000140005802000270007203500130009903700150011204000180012708200170014524501000016226000410026230000260030350000200032965000270034965000340037670000250041020080916184717.0080911s2008 ii 001 0 eng  aENG-91943 a9788178298733 c550.00 aEN-75476 bDBAD / PUB adplbEnglish  a372.17160954 aSchool health services in India :bthe social and economic contexts /cedited by Rama V. Baru. aNew Delhi bSAGE Publicationsc2008. ax, 210p. c23cm (Hb)  aIncludes index. aSchool hygienezIndia. aSchool childrenxFoodzIndia. aBaru, Rama V., 1959-